Spanish Vocab by Category - Food and Drink - Statistics

General Stats
  • This quiz has been taken 274 times
  • The average score is 51 of 92
Answer Stats
Hint Answer % Correct
Apple Manzana
95%
Juice Jugo / Zumo
94%
Bread Pan
92%
Salt Sal
91%
Coffee Café
90%
Meat Carne
90%
Chicken Pollo
90%
Water Agua
89%
Beer Cerveza
89%
Cheese Queso
88%
Tea
87%
Milk Leche
86%
Lemon Límon
86%
Tomato Tomate
86%
Orange Naranja
85%
Wine Vino
85%
Egg Huevo
82%
Fish Pescado
82%
Soup Sopa
82%
Rice Arroz
81%
Sugar Azúcar
81%
Breakfast Desayuno
80%
Salad Ensalada
80%
Fruit Fruta
78%
Ham Jamón
78%
Apple juice Jugo de manzana
78%
Butter Mantequilla
78%
Beans Frijoles
77%
Chocolate Chocolate
75%
Food Comida
74%
Pineapple Piña
74%
Dinner Cena
73%
Potatoes Papas
73%
Strawberry Fresa
72%
Grape Uva
72%
Orange juice Jugo de naranja
69%
Sauce Salsa
69%
Hamburger Hamburguesa
67%
Lemonade Limonada
66%
Honey Miel
66%
Lunch Almuerzo
63%
Drinks Bebidas
63%
Ice cream Helado
63%
Onion Cebolla
62%
Cookie Galleta
62%
Melon Melón
62%
Carrot Zanahoria
62%
Ice Hielo
61%
Lettuce Lechuga
60%
Duck Pato
55%
Vegetables Verduras
55%
Sandwich Sandwich
54%
Cherry Cereza
53%
Candy Dulce
53%
Lime Lima
51%
French fries Papas fritas
51%
Dessert Postre
51%
Rabbit Conejo
49%
Cake Pastel
49%
Pork Cerdo
48%
Turkey Pavo
46%
Pepper Pimienta
43%
Steak Bistec
42%
Seafood Mariscos
42%
Yogurt Yogurt
40%
Soft drink Refresco
38%
Raspberry Frambuesa
37%
Hot dog Perro caliente
35%
Cauliflower Coliflor
31%
Mustard Mostaza
31%
Omelette Omelet
31%
Sausage Chorizo
30%
Lobster Langosta
28%
Cocoa Cacao
27%
Appetizer Aperitivo
23%
Cider Sidra
23%
Grapefruit Pomelo
22%
Crab Cangrejo
20%
Lamb Cordero
19%
Peach Durazno
19%
Celery Apio
18%
Pancake Crepe
15%
Beef Carne de res
13%
Syrup Jarabe / Almíbar
13%
Ketchup Kéchup
12%
Raisin Pasa
10%
Peanut butter Mantequilla de maní
9%
Biscuit Panecillo
6%
Green beans Habas
4%
Ginger ale Cervezade jengibre
1%
Popcorn Maíz palomero
0%
Root beer Zarzaparrilla
0%
No matching quizzes found
Score Distribution
Percent of People with Each Score
Percentile by Number Answered
Your Score History
You have not taken this quiz